000 00520nam a2200193Ia 4500
005 20250508155346.0
008 008 250505s9999 xx 000 0 hin d
037 _aTextual
040 _aFEDL
_beng
_cFEDL
041 _ahin
_2hin
084 _a155.2, GRA
_qFEDL
100 _aGraham J. M.
_9505514
245 0 _aVyaktive isk vikas ke upya
260 _aDelhi, India
_bRajkamal Prakashan
_c1949
300 _a80p.
650 _aPersonality
942 _cTEXL
_h155.2, GRA
999 _c1356280
_d1356280